Números en Inglés - Estadísticas

Estadísticas generales
  • Esta prueba ha sido intentada 5.098 veces
  • La puntuación promedio es 40 de 44
Estadísticas de respuestas
# Inglés % Correcto
1 One
100%
2 Two
100%
11 Eleven
99%
5 Five
99%
4 Four
99%
9 Nine
99%
7 Seven
99%
6 Six
99%
10 Ten
99%
3 Three
99%
8 Eight
98%
12 Twelve
96%
14 Fourteen
95%
0 Zero
95%
17 Seventeen
94%
16 Sixteen
94%
18 Eighteen
93%
19 Nineteen
93%
40 Forty
92%
70 Seventy
92%
60 Sixty
92%
20 Twenty
92%
80 Eighty
91%
Primero First
91%
90 Ninety
91%
Segundo Second
91%
100 One Hundred
90%
15 Fifteen
89%
50 Fifty
89%
13 Thirteen
89%
200 Two Hundred
89%
30 Thirty
88%
1,000,000 One Million
86%
1000 One Thousand
86%
2000 Two Thousand
86%
Cuarto Fourth
85%
Tercero Third
85%
Quinto Fifth
83%
Séptimo Seventh
83%
Sexto Sixth
83%
100,000 One Hundred Thousand
80%
Décimo Tenth
79%
Octavo Eighth
77%
Noveno Ninth
75%
No se encontraron pruebas coincidentes
Distribución de puntuación
Porcentaje de gente con cada puntuación
Porcentaje por número respondido
Historial de tus puntuaciones
No has intentado esta prueba.